书目信息 |
| 题名: |
模具制造工艺学
|
|
| 作者: | 李成凯 主编 | |
| 分册: | ||
| 出版信息: | 成都 电子科技大学出版社 2013 |
|
| 页数: | 307页 | |
| 开本: | 24cm | |
| 丛书名: | ||
| 单 册: | ||
| 中图分类: | TG760.6 | |
| 科图分类: | ||
| 主题词: | 模具--工艺学--高等职业教育--教材 , 模具 | |
| 电子资源: | ||
| ISBN: | 978-7-5647-1413-0 | |
| 000 | 00951nam0 2200253 450 | |
| 001 | 012015000597 | |
| 005 | 20150914103800.77 | |
| 010 | @a978-7-5647-1413-0@dCNY60.00 | |
| 100 | @a20140429d2013 em y0chiy50 ea | |
| 101 | 0 | @achi |
| 102 | @aCN@b510000 | |
| 105 | @aa z 000yy | |
| 106 | @ar | |
| 200 | 1 | @a模具制造工艺学@Amu ju zhi zao gong yi xue@f李成凯主编 |
| 210 | @a成都@c电子科技大学出版社@d2013 | |
| 215 | @a307页@c图@d24cm | |
| 300 | @a高等职业教育机电类模具专业规划教材 | |
| 330 | @a本书主要介绍模具制造技术的各种方法、特点和加工工艺,以及与模具制造相关的基本知识。其主要内容有:模具制造工艺综述、模具零件基本表面的机械加工、模具零件的精密机械加工、模具零件的特种加工、模具零件的光整加工、模具零件加工工艺分析、模具装配工艺等。 | |
| 606 | 0 | @a模具@x工艺学@x高等职业教育@j教材 |
| 606 | 0 | @a模具 |
| 690 | @aTG760.6@v5 | |
| 701 | 0 | @a李成凯@Ali cheng kai@4主编 |
| 801 | 0 | @aCN@b碧洲教育@c20150718 |
| 905 | @a10447@f4@dTG760.6@e21 | |
| 模具制造工艺学/李成凯主编.-成都:电子科技大学出版社,2013 |
| 307页:图;24cm |
| 高等职业教育机电类模具专业规划教材 |
| ISBN 978-7-5647-1413-0:CNY60.00 |
| 本书主要介绍模具制造技术的各种方法、特点和加工工艺,以及与模具制造相关的基本知识。其主要内容有:模具制造工艺综述、模具零件基本表面的机械加工、模具零件的精密机械加工、模具零件的特种加工、模具零件的光整加工、模具零件加工工艺分析、模具装配工艺等。 |
| ● |
| 相关链接 |
|
|
|
|
正题名:模具制造工艺学
索取号:TG760.6/21
 
预约/预借
| 序号 | 登录号 | 条形码 | 馆藏地/架位号 | 状态 | 备注 |
| 1 | 0848770 | 208487706 | 第二样本阅览室/ [索取号:TG760.6/21] | 在馆 | |
| 2 | 0848771 | 208487715 | 第三借阅区/ [索取号:TG760.6/21] | 在馆 | |
| 3 | 0848772 | 208487724 | 第三借阅区/ [索取号:TG760.6/21] | 在馆 | |
| 4 | 0848773 | 208487733 | 第三借阅区/ [索取号:TG760.6/21] | 在馆 |